000 01812nam a22001577a 4500
041 _aukr
080 _a09
090 _bМАР
100 _aМарковська О. Я.
245 _aЛексичний аналіз політичного дискурсу Державного секретаря США Гіларі Клінтон
260 _aОстрог
_bКАФ
_c2012
300 _a60
520 _aРОЗДІЛ 1 ПОЛІТИЧНА ПРОМОВА ЯК РІЗНОВИД ПОЛІТИЧНОГО ДИСКУРСУ 1.1 Поняття "політичний дискурс" 1.2 Характеристики політичного дискурсу 1.3 Політична промова як елемент політичного дискурсу 1.4 Лексико-стилістичні ознаки політичних промов РОЗДІЛ 2 ЛЕКСИКО-СТИЛІСТИЧНИЙ АНАЛІЗ ПОЛІТИЧНОГО ДИСКУРСУ ДЕРЖАВНОГО СЕКРЕТАРЯ США ГІЛАРІ КЛІНТОН 2.1 Ліберальна лексика 2.2 Лексичні засоби політичного дискурсу Державного секретаря США Гіларі Клінтон 2.2.1 Політична термінологія 2.2.2 Економічна термінологія 2.2.3 Суспільна термінологія 2.2.4 Ідіоматичні вирази 2.3 Стилістичні засоби політичного дискурсу Гіларі Клінтон 2.3.1 Стилістичне використання метафор у промовах Гіларі Клінтон 2.3.2 Лексико-синтаксичні засоби у промовах Гіларі Клінтон
_0промова, дискурс
650 _aResearch Papers
999 _c284991
_d284991
942 _cBK